000 01621nam a2200361 a 4500
001 ebr10506350
003 CaPaEBR
006 m u
007 cr cn|||||||||
008 110415s2011 dcuad sb 101 0 eng d
010 _z 2011927579
020 _z9781607507536 (hardcover)
020 _z9781607507543 (e-book)
040 _aCaPaEBR
_cCaPaEBR
035 _a(OCoLC)758834790
050 1 4 _aQ334
_b.E44 2011eb
111 2 _aScandinavian Conference on Artificial Intelligence
_n(11th :
_d2011)
245 1 0 _aEleventh Scandinavian Conference on Artificial Intelligence
_h[electronic resource] :
_bSCAI 2011 /
_cedited by Anders Kofod-Petersen, Fredrik Heintz and Helge Langseth.
260 _aWashington, D.C. :
_bIOS Press,
_c2011.
300 _axiii, 197 p. :
_bill. (some col.).
490 1 _aFrontiers in artificial intelligence and applications,
_x0922-6389 ;
_vv. 227
504 _aIncludes bibliographical references and index.
533 _aElectronic reproduction.
_bPalo Alto, Calif. :
_cebrary,
_d2013.
_nAvailable via World Wide Web.
_nAccess may be limited to ebrary affiliated libraries.
650 0 _aArtificial intelligence
_vCongresses.
650 0 _aLogic, Symbolic and mathematical
_vCongresses.
655 7 _aElectronic books.
_2local
700 1 _aKofod-Petersen, Anders.
700 1 _aHeintz, Fredrik.
700 1 _aLangseth, Helge.
710 2 _aebrary, Inc.
830 0 _aFrontiers in artificial intelligence and applications ;
_vv. 227.
856 4 0 _uhttp://site.ebrary.com/lib/rucke/Doc?id=10506350
_zAn electronic book accessible through the World Wide Web; click to view
999 _c117174
_d117174